A new translation of the Bible, containing the Old and New Testaments /

Saved in:
Bibliografiske detaljer
Format: Bog
Sprog:English
Udgivet: London : Hodder & Stoughton, 1926.
LEADER 00777nam a2200205 a 4500
001 c000122414
003 CARM
005 00000000000000.0
008 910306s1926 enk 00000 eng d
019 1 |a 7651539  |5 LACONCORD2021 
035 |a (OCoLC)44435665  |5 LACONCORD2021 
040 |a CLONE  |c VU 
130 0 0 |a Bible.  |l English.  |s Moffatt.  |f 1926. 
245 1 2 |a A new translation of the Bible, containing the Old and New Testaments /  |c by James Moffatt. 
260 |a London :  |b Hodder & Stoughton,  |c 1926. 
300 |a 1 v. 
852 8 |b CARM  |h A2:AG07C0  |i B01952  |p 0013131  |f BK 
082 0 4 |a 220.5209  |2 20 
999 f f |i 3dc1f07c-84f4-5e25-8463-3f227080e715  |s 5cdc3c11-8ff1-56c0-9b92-484f16fb28f8 
952 f f |p Can circulate  |a CAVAL  |b CAVAL  |c CAVAL  |d CARM 1 Store  |e B01952  |f A2:AG07C0  |h Other scheme  |i book  |m 0013131